Multi-aspect Value of Measuring Systems and Methods Based on the Results of Roundness Measurements
Prezentácia a porovnanie niektorých konvenčných a moderných meracích systémov a metód.
Saved in:
| Main Author: | |
|---|---|
| Other Authors: | , , , |
| Format: | Book Chapter |
| Language: | English |
| Subjects: | |
| Tags: |
No Tags, Be the first to tag this record!
|
MARC
| LEADER | 00000naa a2200000 4500 | ||
|---|---|---|---|
| 001 | 0164296 | ||
| 005 | 20240502083403.6 | ||
| 041 | 0 | |a eng | |
| 044 | |a US | ||
| 245 | 1 | 0 | |a Multi-aspect Value of Measuring Systems and Methods Based on the Results of Roundness Measurements |
| 520 | |a Prezentácia a porovnanie niektorých konvenčných a moderných meracích systémov a metód. | ||
| 610 | 2 | 0 | |a metrológia |
| 610 | 2 | 0 | |a meranie |
| 610 | 2 | 0 | |a metódy |
| 100 | 1 | |a Hadžistević, Miodrag | |
| 700 | 1 | |a Nemedi, Imre | |
| 700 | 1 | |a Sekulić, Milenko | |
| 700 | 1 | |a Bosák, Martin, 1967- | |
| 700 | 1 | |a Hodolič, Janko | |